000 00335nam a22001577a 4500
003 SGT
020 _a9789353065591
082 _a616.89,BUT
100 _aBUTCHER, JAMES .N
245 _aABNORMAL PSYCHOLOGY
250 _a17TH
260 _aNOIDA
_bPEARSON
_c2017
300 _a883
650 _a PSYCHOLOGY
942 _2ddc
_cBK
_0207
999 _c19384
_d19384